000 00414nam a2200145 i 4500
001 bg
100 1 _aOLEJNIK, Teobald
245 0 _aKontrola i sterowanie jakością :
_b(w przemyśle elektromaszynowym) /
_cTeobald Olejnik, Ryszard Wieczorek.
260 _aWarszawa :
_bPWN,
_c1982.
700 1 _aWIECZOREK, Ryszard
040 _cBPK
041 _apol
942 _cKS
008 s pl f |000 0 pol
999 _c21750
_d21750
856 _uhttp://koha.tu.koszalin.pl/cgi-bin/koha/opac-detail.pl?biblionumber=21750
_yKatalog online BPK